| 000 | 00900nam a2200265 a 4500 | ||
|---|---|---|---|
| 999 |
_c684 _d684 |
||
| 005 | 20180122120140.0 | ||
| 008 | 140221b1990 ck a gr|||| 00| 0 spa d | ||
| 040 |
_aCO-BoIAVH _cCO-BoIAVH |
||
| 041 | 0 | _aspa | |
| 044 | _ack | ||
| 090 |
_aIND- _b76 |
||
| 100 | 1 | _aBarreto Avila, Gloria | |
| 245 | 1 | 0 |
_aJuglans neotrópica / _cGloria Barreto Avila, Juan David Barrera y Enrique Trujillo Navarrete |
| 260 |
_aBogotá : _bInderena, _c1990. |
||
| 300 |
_a62 páginas : _bilustraciones ; _c24 x 16 centímetros |
||
| 504 | _aIncluye referencias bibliográficas- | ||
| 650 | 1 | 4 | _aJuglans Neotrópica |
| 650 | 2 | 6 |
_aJuglans _xfloración |
| 650 | 2 | 6 |
_aJuglans _xdistribución geográfica |
| 650 | 2 | 6 |
_aJuglans _xecología |
| 650 | 2 | 6 | _aViveros forestales |
| 650 | 2 | 6 | _aPlantación forestal |
| 700 | 1 |
_aHerrera, Juan David _eautor |
|
| 942 |
_cLIBRO _2z |
||